000 00533nam a2200181Ia 4500
008 090124s9999 xx 000 0 und d
082 _b115710
100 _aखरे सुरेश.
245 _a पपा सांगा कुणाचे !
250 _a1
260 _c1971
300 _a82
600 _aखरे सुरेश.
630 _a पपा सांगा कुणाचे !
700 _aखरे सुरेश.
730 _a पपा सांगा कुणाचे !
942 _cBOOK
999 _c161801
_d161801